Online
Catalog

El obispado castrense de la República Dominicana / : (Record no. 4860)

MARC details
000 -CABECERA
campo de control de longitud fija 01044nam a2200193 u 4500
001 - NÚMERO DE CONTROL
campo de control 000005056
005 - FECHA Y HORA DE LA ÚLTIMA TRANSACCIÓN
campo de control 20240320074001.0
008 - DATOS DE LONGITUD FIJA--INFORMACIÓN GENERAL
campo de control de longitud fija 090729s1996 dr r 001 0 spa d
040 ## - FUENTE DE LA CATALOGACIÓN
Centro catalogador/agencia de origen DO-SdBNP
Lengua de catalogación spa
Centro/agencia transcriptor BNPHU
082 ## - NÚMERO DE LA CLASIFICACIÓN DECIMAL DEWEY
Número de clasificación 355.347
Número de documento/Ítem B446o
100 1# - ENTRADA PRINCIPAL--NOMBRE DE PERSONA
Nombre de persona Bello Peguero, Rafael,
Fechas asociadas al nombre 1932-2022
9 (RLIN) 2405
245 10 - MENCIÓN DE TÍTULO
Título El obispado castrense de la República Dominicana / :
Resto del título Rafael Bello Peguero; editor.
260 ## - PUBLICACIÓN, DISTRIBUCIÓN, ETC.
Lugar de publicación, distribución, etc. Santo Domingo :
Nombre del editor, distribuidor, etc. Amigo del Hogar,
Fecha de publicación, distribución, etc. 1996.
300 ## - DESCRIPCIÓN FÍSICA
Extensión 111 p. ;
Dimensiones 23 cm.
500 ## - NOTA GENERAL
Nota general Incluye índice
500 ## - NOTA GENERAL
Nota general Incluye referencias bibliográficas
505 2# - NOTA DE CONTENIDO CON FORMATO
Nota de contenido con formato Composición de la Diócesis castrense de la República Dominicana (1996) -- Constitución apostólica Spirituali militum curae (1986) -- Documentos Vicariato castrense (1972) -- Nombramientos castrenses (1958-1993) -- Las capellanías castrenses en el proceso histórico de la República Dominicana -- Relación de los capellanes castrenses y de la policía nacional (1 de marzo 1996).
650 #4 - PUNTO DE ACCESO ADICIONAL DE MATERIA--TÉRMINO DE MATERIA
Término de materia o nombre geográfico como elemento de entrada Capellanes militares
Subdivisión geográfica República Dominicana
Subdivisión general Iglesia catolica
9 (RLIN) 14542
Holdings
Estado de retiro Estado de pérdida No para préstamo Código de colección Localización permanente Ubicación/localización actual Ubicación en estantería Fecha de adquisición Número de inventario Total de préstamos Signatura topográfica completa Código de barras Fecha visto por última vez Precio válido a partir de Tipo de ítem Koha
    Excluido de préstamo Patrimonio Dominicano Patrimonio Dominicano Patrimonio Dominicano En catalogación 29.07.2009 LF1   355.347 B446o 5056-10 25.06.2020 25.06.2020 Libro y Folleto Colección Patrimonio Dominicano

Powered by Koha